[Event "Valpovo op (Women) 17th"]
[Site "Valpovo"]
[Date "2014.12.06"]
[Round "5.10"]
[White "Novakovic, Anja"]
[Black "Brigljevic, Iva Mila"]
[Result "1/2-1/2"]
[WhiteElo "1443"]
[BlackElo "1755"]
[PlyCount "97"]
[EventDate "2014.12.05"]
[EventType "swiss (rapid)"]
[EventRounds "7"]
[EventCountry "CRO"]
[SourceTitle "EXT 2023"]
[Source "ChessBase"]
[SourceDate "2022.10.05"]
[SourceVersion "1"]
[SourceVersionDate "2022.10.05"]
[SourceQuality "1"]

1. e4 e6 2. d4 d5 3. Nc3 Nf6 4. e5 Nfd7 5. Nf3 c5 6. Be3 Nc6 7. Be2 cxd4 8. Bxd4 Nxd4 9. Qxd4 Bc5 10. Qd2 Qc7 11. Bb5 Bb4 12. Bxd7+ Bxd7 13. 0-0 Bxc3 14. Qxc3 Qxc3 15. bxc3 0-0 16. Nd4 Rfc8 17. Rab1 b6 18. Ne2 Rc5 19. Rfd1 Rac8 20. Rd2 Bb5 21. Nd4 Ba6 22. Rb4 Rc4 23. Rb3 Rxc3 24. Rxc3 Rxc3 25. Nb3 Rc4 26. g3 Ra4 27. c3 Rc4 28. Rc2 Rc7 29. f4 Bc4 30. Kf2 Bxb3 31. axb3 b5 32. b4 g6 33. Ke3 Rc4 34. Kd3 Kf8 35. Ra2 Rc7 36. Ra5 Rb7 37. Kd4 Ke7 38. Ra6 Kd7 39. Kc5 Kc7 40. Rc6+ Kd7 41. Rd6+ Kc8 42. Rc6+ Rc7 43. Rxc7+ Kxc7 44. Kxb5 Kb7 45. Ka5 a6 46. b5 axb5 47. Kxb5 Kc7 48. Kc5 Kd7 49. Kb6 1/2-1/2

[Event "CRO-ch U17 Girls"]
[Site "Bjelolasica"]
[Date "2009.08.01"]
[Round "9"]
[White "Kukic, Lora"]
[Black "Novakovic, Anja"]
[Result "1-0"]
[WhiteElo "1675"]
[BlackElo "1443"]
[PlyCount "69"]
[EventDate "2009.07.26"]
[EventType "swiss"]
[EventRounds "9"]
[EventCountry "CRO"]
[SourceTitle "EXT 2011"]
[Source "ChessBase"]
[SourceDate "2010.11.26"]
[SourceVersion "1"]
[SourceVersionDate "2010.11.26"]
[SourceQuality "1"]

1. d4 d6 2. Nf3 Nf6 3. c4 g6 4. Nc3 Bg7 5. Bg5 0-0 6. e4 Nbd7 7. Be2 e5 8. d5 a5 9. 0-0 Nc5 10. Qc2 Bd7 11. Nd2 Re8 12. Nb3 Nxb3 13. axb3 Qc8 14. Ra2 c6 15. Rfa1 b6 16. b4 Qc7 17. bxa5 bxa5 18. b4 Reb8 19. bxa5 Bc8 20. Be3 c5 21. Nb5 Qd8 22. Bd2 Ba6 23. Nc3 Qe7 24. Na4 Nd7 25. Rb1 Rxb1+ 26. Qxb1 Rb8 27. Rb2 Rxb2 28. Qxb2 Nf6 29. f3 Qd7 30. Qb8+ Bf8 31. Nb6 Qb7 32. Qxb7 Bxb7 33. Bd1 Ba6 34. Ba4 Ne8 35. Bxe8 1-0

[Event "CRO-ch U17 Girls"]
[Site "Bjelolasica"]
[Date "2009.07.27"]
[Round "2"]
[White "Mrakovcic, Karmen"]
[Black "Novakovic, Anja"]
[Result "1-0"]
[WhiteElo "1669"]
[BlackElo "1443"]
[PlyCount "91"]
[EventDate "2009.07.26"]
[EventType "swiss"]
[EventRounds "9"]
[EventCountry "CRO"]
[SourceTitle "EXT 2011"]
[Source "ChessBase"]
[SourceDate "2010.11.26"]
[SourceVersion "1"]
[SourceVersionDate "2010.11.26"]
[SourceQuality "1"]

1. c4 e5 2. Nc3 Nc6 3. g3 Nf6 4. Bg2 Bc5 5. Nf3 0-0 6. 0-0 d6 7. a3 a5 8. Rb1 Bf5 9. d3 Qd7 10. Re1 Rfe8 11. Nd2 Ng4 12. Nde4 Bxe4 13. Nxe4 Qf5 14. Rf1 Ba7 15. h3 Nf6 16. Nxf6+ Qxf6 17. b4 Qg6 18. Kh2 Rab8 19. bxa5 Nxa5 20. Qa4 b6 21. Bd2 Red8 22. Bxa5 bxa5 23. Rxb8 Rxb8 24. Qxa5 Bb6 25. Qd5 Qh5 26. Bf3 Qh6 27. Rb1 Qd2 28. a4 Rd8 29. Kg2 Qa2 30. Qb5 Qa3 31. h4 Qc5 32. Qxc5 Bxc5 33. a5 h6 34. a6 Rc8 35. Bb7 Rb8 36. Ra1 Ba7 37. Kf3 f5 38. h5 Kf7 39. g4 Kf6 40. gxf5 Kxf5 41. Rg1 Rg8 42. Bd5 Rf8 43. Rxg7 Kf6 44. Rg2 Ke7+ 45. Kg3 Rf5 46. Bf3 1-0